000 00663nam a2200265Ia 4500
003 OSt
005 20221006151502.0
006 a|||||r|||| 00| 0
007 ta
008 221006b |||||||| |||| 00| 0 jpn d
020 _c¥1350
024 _a22,292
037 _cTextual
040 _aEASL
_cEASL
_bjpn
041 _2jpn
_ajpn
082 _aX:74.42.N5, K7
100 _aFUJINO Shosaburo
_9659313
245 0 _aNihon no keiki junkan
260 _aTokyo
_bKeiso Shobo Japan
_c1967
300 _a588p.
_ccm.
490 _v JL
650 _aJL
942 _hX:74.42.N5, K7
_cTEXL
_2CC
999 _c1090378
_d1090378